000 00572nam a22001697a 4500
999 _c167085
_d167085
010 _aENG-126261
020 _c595.00
_a978-93-86473-21-9-4
035 _aEN-109793
037 _bDBAD/PUB
082 _a322.109542
100 _aGoradia,Prafull
245 _aSaffron Awakening:
_cby Prafull Goradia
_bAyodhya to Adityanath/
260 _aNew Delhi
_bVitasta Publishing Pvt Ltd
_c2018
270 _a2/15, Ansari Road, Daryaganj
_bNew Delhi
_e110002
_minfo@vitastapublishing.com
300 _avii199p.
_c22cm(hb)
_bill
942 _2ddc
_cEN
_h322.109542
_mGOR